Регионална библиотека "Любен Каравелов" - Русе

Фатална прегръдка (Запис номер 98392)

MARC детайли
000 -Лидер
Контролно поле с фиксирана дължина 01223nam a2200349 c 4500
003 - Код на организацията, давaща контролен номер
Контролно поле BLK
005 - Дата и час на последна редакция
Контролно поле 20240608103011.0
008 - Елементи от данни с фиксирана дължина
fixed length control field 180409b bul|||||r ||||||| ||bul||
010 ## - Наследен системен номер
LC control number KNG00103334000
020 ## - Международен стандартен номер на книга ISBN
Международен стандартен номер на книга ISBN 954-733-279-1
040 ## - Източник на каталожния запис
Идентификатор на билиотеката - собственик на записа BLK
041 ## - Код за език
Код за езика на текст/звукозапис или на отделно заглавие Български
Код за езика КДБФ Български
080 ## - УДК
Текстов определител УДК Английска литература
УДК код - определител по УДК 821.111
УДК определител -31
УДК - код + определител 821.111-31
100 ## - Редна дума - Автор
Автор Колинс, Джаки
Титли или други наименования, свързани с автора 1941-
R(LIN) 241664
139 ## - Редно поле
Редна дума Колинс, Джаки
Авторски знак Колев - К 78
245 10 - Сведения за заглавието
Заглавие Фатална прегръдка
Подзаглавни данни Роман
Редно поле (дума) Джаки Колинс; прев. от англ. Мария Симеонова.
257 ## - Страна на издаване
Страна на създаване/издаване Великобритания
260 ## - Област на издателските данни
Място на издаване, разпространение и проч. София
Име на издателя, разпространителя и проч. Прозорец
Година на издаване 2002
Печатница София : Инвестпрес
300 ## - Физическа характеристика
Страници 448 с.
Размери/Мащаб 20 см
380 ## - Жанр
Жанр Худож. лит.
490 1# - СЕРИИ (Колекции)
Име на серия Серия Джаки Колинс
500 ## - Общи забележки
Забележка Ориг. загл. Deadley Embrace / Jackie Collins. - Офс. изд.
700 ## - Други автори (авторска отговорност)
Лично име Симеонова, Мария Илкова
Автороска отговорност (Описва отношението между автора и произведението) прев. от англ.
9 (RLIN) 1021
852 ## - Местоположение
Форматна сигнатура Цб 212652
856 4# - Електронен адрес и достъп
Електронен формат pdf - файл
856 4# - Електронен адрес и достъп
Електронен формат pdf - файл
999 ## - СИСТЕМНИ КОНТРОЛНИ НОМЕРА
Koha biblionumber 98392
Koha biblioitemnumber 98392
942 ## - АРТИКУЛИ
Вид на библиотечния материал Книги
Скрит в OPAC Не
Периодичен библиозапис Да
Koha issues (borrowed), all copies 29
944 ## - СЪЗДАВАНЕ И РЕДАКЦИЯ на ЗАПИСА
Създаване/Редакция Създаване
Дата на регистрацията/редакция 01.01.2002
Служител, извършил регистрацията/редакцията 30564
Статус, дата на статуса Галина Якимова
944 ## - СЪЗДАВАНЕ И РЕДАКЦИЯ на ЗАПИСА
Създаване/Редакция Редакция
Дата на регистрацията/редакция 02.12.2003
999 ## - СИСТЕМНИ КОНТРОЛНИ НОМЕРА
Koha biblioitemnumber 98392
999 ## - СИСТЕМНИ КОНТРОЛНИ НОМЕРА
Koha biblioitemnumber 98392
Наличности
Код за отписване Код за изгубен артикул Източник на класификационната схема Код за повреда Коз за рестрикции Код за отдаване Артикулен № Име на библиотеката - собственик Име на библиотеката, в която се намира в момента Статус (Текущо местоположение) Дата на вписване в системата Местоположение - отдел Цена в лева Инвентарен номер Систематично азбучна сигнатура Баркод Номер на екземпляра Цена в евро Служебна бележка Служебен тип на артикула
Изтеглен Не е изгубен Universal Decimal Classification Не е повреден без рестрикции заемане за дома 158340 Регионална библиотека "Любен Каравелов" Русе Регионална библиотека "Любен Каравелов" Русе Заемна - подръчен фонд 2002-09-20 Заемна - подръчен фонд 9.00 120000672335 П 820-31/К 78 120000672335 1 4.60 Дост: Pk Вид: Ф N: 34 Дата: 20.09.2002 Книги
  Не е изгубен   Не е повреден без рестрикции ползва се в читалня 158341 Регионална библиотека "Любен Каравелов" Русе Регионална библиотека "Любен Каравелов" Русе Хранилище 2003-11-25 Хранилище 9.00 120000680341 Цб 212652 120000680341 2 4.60 Дост: Dp Вид: Д N: 46 Дата: 06.11.2002 Книги
Изтеглен Не е изгубен Universal Decimal Classification Не е повреден   заемане за дома 803331 Регионална библиотека "Любен Каравелов" Русе Регионална библиотека "Любен Каравелов" Русе Количка 2020-10-08 Заемна - подръчен фонд 9.00   821-31/К 78 Д 120000849185   4.60   Книги
Vip Innovations Ltd, Rousse, Bulgaria 2025